|
|
|
|
| LEADER |
00000nas a2200000 i 4500 |
| 001 |
ssj0012555 |
| 003 |
WaSeSS |
| 005 |
20200512172242.0 |
| 006 |
m d |
| 007 |
cr n |
| 008 |
000802c19759999enkbr pss 0 a0eng d |
| 010 |
|
|
|a 2018207053
|
| 015 |
|
|
|a GBA604762
|2 bnb
|
| 016 |
7 |
|
|a 013355793
|2 Uk
|
| 022 |
|
|
|a 1469-5898
|y 0304-3797
|
| 035 |
|
|
|a (WaSeSS)ssj0012555
|
| 037 |
|
|
|b Taylor & Francis, 1 Gunpowder Square, London, EC4a 3DE, UK
|
| 040 |
|
|
|a F#A
|b eng
|e pn
|c F#A
|d OCLCQ
|d UV$
|d UV0
|d OCLCQ
|d UKMGB
|d OCLCQ
|d OCLCF
|d OCLCO
|d OCLCQ
|d NLE
|d DLC
|d U3W
|d UOK
|d VT2
|d OCLCQ
|d WYU
|d YOU
|d WaSeSS
|
| 041 |
0 |
|
|a eng
|b fre
|b ger
|
| 042 |
|
|
|a lccopycat
|
| 050 |
0 |
0 |
|a T61
|
| 082 |
0 |
4 |
|a 620.007
|
| 245 |
0 |
0 |
|a European journal of engineering education
|h [electronic resource].
|
| 260 |
|
|
|a [London] :
|b Taylor & Francis,
|c 1975-
|
| 310 |
|
|
|a Six issues a year,
|b 2006-
|
| 321 |
|
|
|a Four issues a year,
|b 1975-2005
|
| 362 |
1 |
|
|a Began with Volume 1, issue 1 (1975).
|
| 506 |
|
|
|a License restrictions may limit access.
|
| 515 |
|
|
|a Some issues combined.
|
| 538 |
|
|
|a Mode of access: World Wide Web.
|
| 540 |
|
|
|a Current copyright fee: GBP37.00
|c 1\0.
|5 Uk
|
| 546 |
|
|
|a Text in English, French and German.
|
| 588 |
|
|
|a Description based on: Volume 1, issue 1 (1975); title from journal cover image on homepage (publisher's Web site, viewed July 26, 2000).
|
| 588 |
|
|
|a Latest issue consulted: Volume 42, issue 6 (2017) (Taylor & Francis Online, viewed January 31, 2018).
|
| 650 |
|
0 |
|a Engineering
|x Study and teaching
|v Periodicals.
|
| 650 |
|
7 |
|a Engineering
|x Study and teaching.
|2 fast
|0 (OCoLC)fst00910417
|
| 655 |
|
0 |
|a Electronic journals.
|
| 776 |
0 |
8 |
|i Print version:
|t European journal of engineering education
|x 0304-3797
|w (DLC) 76649188
|w (OCoLC)2881393
|
| 850 |
|
|
|a DLC
|
| 856 |
4 |
0 |
|z Full text available from Research Library: 09/01/1997 to 12/31/2000
|u https://search.proquest.com/publication/12733
|